Tutte le città italiane ad avere una università - Statistics

Statistiche generali
  • Questo quiz è stato fatto 70 volte
  • Il punteggio medio è 45 su 56
Statistiche sulle risposte
REGIONE CITTA' UNIVERSITARIA % Corretto
Lazio Roma
100%
Campania Napoli
98%
Emilia-Romagna Bologna
97%
Lombardia Milano
97%
Toscana Firenze
95%
Campania Salerno
95%
Umbria Perugia
94%
Friuli-Venezia Giulia Trieste
94%
Veneto Venezia
94%
Sicilia Palermo
92%
Toscana Pisa
92%
Calabria Reggio Calabria
92%
Trentino-Alto Adige Trento
92%
Friuli-Venezia Giulia Udine
92%
Liguria Genova
91%
Veneto Verona
91%
Sardegna Cagliari
89%
Marche Ancona
88%
Basilicata Matera
88%
Emilia-Romagna Parma
88%
Toscana Siena
88%
Puglia Bari
86%
Lombardia Brescia
86%
Sicilia Catania
86%
Calabria Catanzaro
86%
Emilia-Romagna Ferrara
86%
Abruzzo L'Aquila
86%
Sicilia Messina
86%
Emilia-Romagna Modena
86%
Piemonte Torino
86%
Lombardia Bergamo
85%
Veneto Padova
85%
Abruzzo Pescara
85%
Puglia Lecce
83%
Basilicata Potenza
83%
Lombardia Como
82%
Emilia-Romagna Reggio Emilia
82%
Molise Campobasso
80%
Sardegna Sassari
80%
Puglia Foggia
78%
Lombardia Pavia
78%
Lazio Viterbo
78%
Abruzzo Chieti
77%
Lombardia Varese
77%
Campania Benevento
75%
Toscana Lucca
74%
Abruzzo Teramo
74%
Piemonte Alessandria
72%
Marche Macerata
72%
Piemonte Novara
69%
Piemonte Vercelli
69%
Marche Urbino
68%
Marche Camerino
29%
Lazio Cassino
23%
Calabria Rende
15%
Lombardia Busto Arsizio
12%
Nessun quiz corrispondente trovato
Distribuzione punteggi
Percentuale di utenti per punteggio
Percentile per numero di risposta
I tuoi punteggi nel tempo
Non hai fatto questo quiz